| 000 | 01595nam a2200397Ia 4500 | ||
|---|---|---|---|
| 001 | vtls003166295 | ||
| 003 | MY-SjTCS | ||
| 005 | 20200226112612.0 | ||
| 006 | m u | ||
| 007 | cr cn||||||||| | ||
| 008 | 100712s2006 enk sb 001 0 eng d | ||
| 020 | _z9780335202935 (cased) : | ||
| 020 | _z9780335202928 (pbk.) : | ||
| 020 | _z0335202934 (cased) : | ||
| 020 | _z0335202926 (pbk.) : | ||
| 035 | _a(CaPaEBR)ebr10197065 | ||
| 039 | 9 |
_y201007121358 _zVLOAD |
|
| 040 |
_aCaPaEBR _cCaPaEBR |
||
| 050 | 1 | 4 |
_aLB1707 _b.H34 2006eb |
| 082 | 0 | 4 |
_a370.71 _222 |
| 100 | 1 |
_aHagger, Hazel. _96661 |
|
| 245 | 1 | 0 |
_aLearning teaching from teachers _h[electronic resource] : _brealising the potential of school-based teacher education / _cHazel Hagger and Donald McIntyre. |
| 260 |
_aMaidenhead : _bOpen University Press, _c2006. |
||
| 300 | _a203 p. | ||
| 490 | 1 | _aDeveloping teacher education | |
| 504 | _aIncludes bibliographical references and index. | ||
| 529 | _aTSLHHL | ||
| 533 |
_aElectronic reproduction. _bPalo Alto, Calif. : _cebrary, _d2009. _nAvailable via World Wide Web. _nAccess may be limited to ebrary affiliated libraries. |
||
| 650 | 0 |
_aTeachers _xTraining of. _913917 |
|
| 650 | 0 |
_aMentoring in education. _97672 |
|
| 655 | 7 |
_aElectronic books. _2local |
|
| 700 | 1 |
_aMcIntyre, Donald, _d1937-2007. |
|
| 710 | 2 |
_aebrary, Inc. _925628 |
|
| 830 | 0 | _aDeveloping teacher education. | |
| 856 | 4 | 0 |
_uhttps://ezproxy.taylors.edu.my/login?url=http://site.ebrary.com/lib/taylorscollege/Doc?id=10197065 _zAn electronic book accessible through the World Wide Web; click to view |
| 999 | _c96776 | ||